Obras completas / (Record no. 168330)

MARC details
000 -LEADER
campo de control de longitud fija 00998nam a22002655i 4500
001 - NÚMERO DE CONTROL
campo de control 168330
003 - IDENTIFICADOR DE NÚMERO DE CONTROL
campo de control ES-MaACL
005 - FECHA Y HORA DE LA ÚLTIMA TRANSACCIÓN
campo de control 20240409133116.0
008 - DATOS DE LONGITUD FIJA--INFORMACIÓN GENERAL
campo de control de longitud fija 080312m2007 sp |||| | spa d
020 ## - NÚMERO INTERNACIONAL ESTÁNDAR DEL LIBRO
Número Internacional Estándar del Libro 978-84-672-2717-8 (Círculo de Lectores)
020 ## - NÚMERO INTERNACIONAL ESTÁNDAR DEL LIBRO
Número Internacional Estándar del Libro 978-84-8109-704-7 (Galaxia Gutenberg)
080 ## - NÚMERO DE LA CLASIFICACIÓN DECIMAL UNIVERSAL
Número de la Clasificación Decimal Universal 821.134.2(728.5)-82"18"
100 1# - ENTRADA PRINCIPAL--NOMBRE DE PERSONA
Nombre de persona Darío, Rubén,
Fechas asociadas al nombre 1867-1916
9 (RLIN) 42720
245 10 - MENCIÓN DEL TÍTULO
Título Obras completas /
Mención de responsabilidad, etc. Rubén Darío ; edición de Julio Ortega con la colaboración de Nicanor Vélez ; introducción general y notas de Julio Ortega ; prólogo de José Emilio Pacheco.
260 ## - PUBLICACIÓN, DISTRIBUCIÓN, ETC.
Lugar de publicación, distribución, etc. Barcelona :
Nombre del editor, distribuidor, etc. Círculo de Lectores :
-- Galaxia Gutenberg,
Fecha de publicación, distribución, etc. [2007]-
300 ## - DESCRIPCIÓN FÍSICA
Extensión 1 v. ;
Dimensiones 21 cm.
490 1# - MENCIÓN DE SERIE
Mención de serie Opera mundi
505 8# - NOTA DE CONTENIDO CON FORMATO
Nota de contenido con formato I. Poesía
700 1# - ENTRADA AGREGADA--NOMBRE PERSONAL
Nombre de persona Vélez, Nicanor.
9 (RLIN) 137472
700 0# - ENTRADA AGREGADA--NOMBRE PERSONAL
Nombre de persona Pacheco, José Emilio.
9 (RLIN) 88124
700 0# - ENTRADA AGREGADA--NOMBRE PERSONAL
Nombre de persona Ortega, Julio,
Fechas asociadas al nombre 1942-
9 (RLIN) 87416
830 0# - PUNTO DE ACCESO ADICIONAL DE SERIE-TÍTULO UNIFORME
Título uniforme Opera mundi
9 (RLIN) 180669
852 4# - LOCALIZACIÓN
Ubicación ES-MaACL
Número de control de estantería P-2005
Holdings
Estatus retirado Estado de pérdida Estado de daño No para préstamo Biblioteca de origen Biblioteca actual Ubicación en estantería Fecha de adquisición Fuente de adquisición Total de préstamos Signatura topográfica completa Código de barras Visto por última vez Precio de reemplazo Tipo de ítem Koha
        Biblioteca del Ateneo de Madrid Biblioteca del Ateneo de Madrid Depósito 2 12/03/2008     P-2005 1176625 23/02/2023 23/02/2023 Libro impreso